000
00317nam a2200133Ia 4500
008
191201s2005 xx 000 0 und d
100
_a
PAI, Anant
245
0
_a
How to Develop a Super Power Memory
250
_a
45th
260
_a
N.Delhi
_b
UBSPD,
_c
2005
300
_a
93
650
_a
General Books
942
_2
ddc
_c
BK
999
_c
1527
_d
1527